LEADER 00934nam a2200217 i 4500 001 000000009095 003 CaOOAMICUS 005 20260304145249.0 008 180830s1976 it u000 u ita u 040 $aSeMil$bita 100 1 $aDostoevskij, Fëdor Michajlovi?,$d<1821-1881>.$0(OLS)http://semarc/name/1325 240 10$aPrestuplénie i nakazànie.$0(OLS)http://semarc/title/440027 245 10$aDelitto e castigo /$cFëdor Dostoevskij. 3. ed. 250 $a3. ed. 264 1$aMilano :$bGarzanti,$c1976. 300 $a2 v. (XVIII, 621 p.) ;$c18 cm. 774 0 $aDostoevskij, Fëdor Michajlovi? <1821-1881>$tVol. 1.$b3. Ed.$kGrandi libri Garzanti$w()113843 774 0 $aDostoevskij, Fëdor Michajlovi? <1821-1881>$tVol. 2.$kGrandi libri Garzanti$w()34256 996 $6245$aDelitto e castigo$9(OLS)http://semarc/title/25490 996 $6264$aMilano :$bGarzanti$9(OLS)http://semarc/publisher/29852 LEADER 01398nam a2200277 4500 001 000000334254 003 CaOOAMICUS 005 20240716135830.0 008 190624s2014 it 000 u ita r 020 $a978-88-8241-447-4 040 $aSeMil$bita 245 10$aAl primo posto le Scritture :$bbiblisti italiani del novecento /$ca cura di Rinaldo Fabris, Giuseppe Gilberti, Ermenegildo Manicardi. 264 1$aCaltanissetta ;$aRoma :$bSciascia,$c2014. 300 $a347 p. ;$c20 cm 490 1 $aStudi del centro A. Cammarata ;$v81 650 4$aBiblisti - Italia - Sec. 20.$0(OLS)http://semarc/subject/48627 700 1 $aManicardi, Ermenegildo,$d<1948- >,$ecollaboratore.$0(OLS)http://semarc/name/15756 700 1 $aGilberti, Giuseppe,$c,$ecuratore.$0(OLS)http://semarc/name/92339 700 1 $aFabris, Rinaldo,$c,$ecuratore.$0(OLS)http://semarc/name/340 830 0$aStudi del centro A. Cammarata ;$v81.$0(OLS)http://semarc/title/9601 850 $aSeMil 852 $aSeMil$W1$xVenegono$y1$m2Z III 220$j216699$B228817$CSeMilBibl$Z2$F228817 $81 996 $6020$a978-88-8241-447-4$9(OLS)http://semarc/number/287668 996 $6245$aAl primo posto le Scritture :$bbiblisti italiani del novecento$9(OLS)http://semarc/title/423879 996 $6264$aCaltanissetta ;$aRoma :$bSciascia$9(OLS)http://semarc/publisher/31960